Introducción a la economía (Registro nro. 4344)
[ vista simple ]
| 000 -LEADER | |
|---|---|
| fixed length control field | 01520 a2200217 4500 |
| 001 - CONTROL NUMBER | |
| control field | 47350 |
| 005 - DATE AND TIME OF LATEST TRANSACTION | |
| control field | 20260407155741.0 |
| 008 - FIXED-LENGTH DATA ELEMENTS--GENERAL INFORMATION | |
| fixed length control field | 260407a1985 arg spa d |
| 003 - CONTROL NUMBER IDENTIFIER | |
| control field | AR-UNSa-BCEJYS |
| 040 ## - CATALOGING SOURCE | |
| Original cataloging agency | AR-UNSa-BCEJYS |
| Language of cataloging | spa |
| Transcribing agency | AR-UNSa-BCEJYS |
| 080 ## - UNIVERSAL DECIMAL CLASSIFICATION NUMBER | |
| Universal Decimal Classification number | 330 |
| Common auxiliary subdivision | Economía en general |
| 020 ## - INTERNATIONAL STANDARD BOOK NUMBER | |
| International Standard Book Number | 84-7423-297-X |
| 100 1# - MAIN ENTRY--PERSONAL NAME | |
| Personal name | Toharia, Luis |
| 245 10 - TITLE STATEMENT | |
| Title | Introducción a la economía |
| Name of part/section of a work | Competencia, autoritarismo y cambio en las economías capitalistas |
| 264 #1 - PRODUCTION, PUBLICATION, DISTRIBUTION, MANUFACTURE, AND COPYRIGHT NOTICE | |
| Place of production, publication, distribution, manufacture | Madrid : |
| Name of producer, publisher, distributor, manufacturer | Alianza Editorial |
| Date of production, publication, distribution, manufacture, or copyright notice | 1985 |
| 300 ## - PHYSICAL DESCRIPTION | |
| Extent | 294 p. |
| Dimensions | 13 cm. |
| 505 ## - FORMATTED CONTENTS NOTE | |
| Formatted contents note | Parte I: COMPETENCIA, AUTORITARISMO Y CAMBIO : 1. Un enfoque tridimensional para el estudio de la economía - 2. El excedente - 3. El capitalismo y otros sistemas económicos - 4. La acumulación y el cambio de las economías capitalistas -- Parte II: MICROECONOMÍA: MERCADOS Y RELACIONES DE PODER : 5. La producción capitalista y los beneficios - 6. Competencia y concentración - 7. Los salarios y el trabajo - 8. La tecnología, el control y el conflicto en el centro de trabajo -- Parte III: MACROECONOMÍA : INESTABILIDAD Y CRECIMIENTO : 9. La inversión, el producto y el empleo - 10. El desempleo, la inflación y el ciclo económico - 11. El estado y la economía -- Parte IV: EL CAPITALISMO OCCIDENTAL: PROMESAS Y RESULTADOS : 12. El capitalismo occidental : promesas y resultados. |
| 590 ## - LOCAL NOTE (RLIN) | |
| Local note | niveau_biblio:m niveau_hierar:0 |
| 856 41 - ELECTRONIC LOCATION AND ACCESS | |
| Uniform Resource Identifier | <a href="https://www.biblioeco.unsa.edu.ar/pmb/images/libros/L127480.jpg">https://www.biblioeco.unsa.edu.ar/pmb/images/libros/L127480.jpg</a> |
| Link text | Imagen de portada |
| Electronic format type | image/jpeg |
| 942 ## - ADDED ENTRY ELEMENTS (KOHA) | |
| Koha item type | |
| Withdrawn status | Lost status | Damaged status | Not for loan | Home library | Current library | Shelving location | Date acquired | Total checkouts | Full call number | Barcode | Date last seen | Price effective from | Koha item type |
|---|---|---|---|---|---|---|---|---|---|---|---|---|---|
| Biblioteca Prof. Eusebio Cleto del Rey | Biblioteca Prof. Eusebio Cleto del Rey | 07/04/2026 | 330 T627 | L127480 | 07/04/2026 | 07/04/2026 | Libro |